[Event "Mondariz zt 1.1"]
[Site "Mondariz"]
[Date "2000.09.11"]
[Round "8"]
[White "Bauer, Christian"]
[Black "Lautier, Joel"]
[Result "1-0"]
[WhiteElo "2562"]
[BlackElo "2648"]
[Annotator "Lutz,C"]
[PlyCount "105"]
[EventDate "2000.09.03"]
[EventType "swiss"]
[EventRounds "11"]
[EventCountry "ESP"]
[SourceTitle "CBM 079"]
[Source "ChessBase"]
[SourceDate "2000.11.21"]
[SourceVersion "1"]
[SourceVersionDate "2000.11.21"]
[SourceQuality "1"]

1. d4 d5 2. c4 c6 3. Nc3 Nf6 4. e3 e6 5. Nf3 Nbd7 6. Qc2 Bd6 7. g4 Bb4 {
Kramniks Zug.} 8. Bd2 b6 $5 (8... Qe7 9. g5 Bxc3 10. Bxc3 Ne4 11. Rg1 (11. Bd3
Nxc3 (11... Nxg5 12. Nxg5 Qxg5 13. O-O-O Qe7 14. Rhg1 g6 15. e4 Nf6 16. f3 O-O
17. Qd2 b6 18. Qh6 Kh8 19. h4 a5 20. cxd5 cxd5 21. Rde1 Bb7 22. h5 Nxh5 23. Rh1
f6 24. exd5 Qg7 25. Qxg7+ Kxg7 26. dxe6 Bxf3 27. Rh4 Rfe8 28. Bc4 Rad8 29. Rg1
Kh6 30. d5 Rxd5 31. Bxd5 Bxd5 32. Bxf6 Rxe6 33. Bd4 Bxa2 34. Kd2 Rd6 35. Kc3
Be6 36. Be3+ Kg7 37. Rxh5 Rc6+ 38. Kd2 Bb3 39. Bd4+ Kg8 40. Rb5 {1-0 Prusikin,
M-Pavasovic,D/Montecatini Terme 1997/CBM 61 ext (40)}) 12. Qxc3 dxc4 13. Bxc4
b6 14. O-O-O Bb7 15. e4 O-O 16. Rhe1 b5 17. Bf1 Rfd8 18. Kb1 a6 19. Qe3 c5 20.
Rd2 cxd4 21. Nxd4 Nc5 22. f3 g6 23. Rc1 e5 24. Nc6 Bxc6 25. Qxc5 Qxc5 26. Rxd8+
Rxd8 27. Rxc5 Rd1+ 28. Rc1 Rxc1+ 29. Kxc1 f6 30. gxf6 {1/2-1/2 Agrest,
E-Savchenko,S/Metz 1999/EXT 2000 (30)}) 11... b6 12. Bd3 Nxc3 13. Qxc3 dxc4 (
13... Bb7 $5 14. cxd5 exd5 15. Bf5 f6 16. g6 hxg6 17. Rxg6 Nf8 18. Rg3 c5 19.
dxc5 bxc5 20. O-O-O g6 21. Rdg1 Rd8 22. Bxg6+ Nxg6 23. Rxg6 d4 24. exd4 cxd4
25. Qb3 Qc5+ 26. Kd1 Bd5 27. Qd3 Rc8 28. Re1+ Kd8 {0-1 Novikov,M-Ivanov,S/St
Petersburg 1999/CBM 70 ext (28)}) 14. Be4 Bb7 15. Qxc4 O-O 16. O-O-O f5 17.
gxf6 Nxf6 18. Bc2 c5 $132 {1/2-1/2 Krasenkow,M-Vallejo Pons,F/Saint Vincent
2000/CBM 78_02/[Lutz] (46)}) 9. g5 Bxc3 10. Bxc3 Ne4 11. Bd3 $5 {Ein
interessantes Bauernopfer. In vergleichbaren Situationen hat Weiß zunächst den
Pg5 mit 11.Rg1 gedeckt, bevor er den Ne4 befragt hat. Aber vielleicht kann
Weiß sich dieses Tempo sparen !? Man vergleiche auch die Partie Prusikin,
M-Pavasovic,D (siehe oben).} Nxg5 $6 {Nach diesem Zug entwickelt sich die
weiße Initiative fast zwangsläufig, zumindest sehe ich nicht, wie Schwarz die
langfristigen Verhältnisse ändern kann. Er hat einen Mehrbauern, aber Weiß hat
die Übermacht im Zentrum und der schwarzfeldrige Läufer wird zum Riesen.} (
11... Nxc3 12. Qxc3 Ba6 $5 (12... dxc4 {führt zu Stellungen, die ähnlich
bereits nach 8...Qe7 vorkamen (siehe oben). Vielleicht ist diese Fortsetzung
kritisch für die Einschätzung der gesamten Variante. Schwarz hat vorerst ...
Qe7 zurückgestellt und Weiß hat Rhg1 eingespart.}) 13. O-O-O (13. cxd5 Bxd3 14.
dxc6 (14. dxe6 Be4 15. exd7+ Qxd7 16. Ne5 Qh3 $132) 14... Be4 15. cxd7+ Qxd7
16. Ne5 Qb7 17. Rg1 O-O $44) 13... Rc8 14. Kb1 $5 $14) 12. Nxg5 Qxg5 13. O-O-O
Ba6 {Das Spiel auf den weißen Feldern ist Teil der schwarzen Strategie nach 7..
.Bb4. Das Problem ist jedoch, dass Schwarz nicht auf c4 zu schlagen droht, da
dann d4-d5 nebst Befreiung des Bc3 geschehen kann.} (13... Bb7 {würde
andererseits dem Weißen völlig freie Hand lassen.}) (13... Qe7 $5 14. Rhg1 g6 {
nebst ...Ba6.}) 14. Rhg1 Qf6 {[%csl Rf6][%cal Yd4d5,Yc3f6] Hier steht die Dame
immer in der Schusslinie des Bc3, aber auf h6 steht sie auch nicht wirklich
besser.} (14... Qh6 15. f4 O-O (15... dxc4 16. Be4 {[%csl Rg7,Rh6,Rh8][%cal
Yd4d5,Yc3g7] nebst d4-d5 und Bxg7}) (15... Nf6 16. Qa4) 16. Rg3 Nf6 (16... Bxc4
17. Bxc4 dxc4 18. d5 $40) 17. Qg2 Bxc4 18. Rh3 Nh5 19. Bxc4 dxc4 20. Rg1 g6)
15. f4 g6 (15... Rc8 16. Qa4) 16. Qa4 Bb7 {Es war sicherlich nicht geplant,
dass dieser Läufer nun auf b7 versauert, aber was sonst ?} (16... Bxc4 17. Bxc4
b5 (17... dxc4 $2 18. d5) 18. Bxb5 cxb5 19. Qxb5 Rb8 20. Qa4 $16 {[%csl Rd7,
Re8][%cal Ya4e8]}) 17. cxd5 exd5 18. f5 Qd6 19. Kb1 $1 {Eine nützliche
Prophylaxe. Einerseits kann nun der Turm auf die c-Linie gelangen,
andererseits droht nun 20.e4, ohne dass Schwarz mit ...Qf4+ dazwischenfunken
kann.} O-O-O (19... a5 20. e4 dxe4 21. Bxe4 O-O (21... Nf6 22. d5 $18) 22. Qc2)
20. Be1 $1 $16 {[%csl Rb8,Rc7][%cal Ye1g3,Yg3b8] Sehr stark gespielt. Bauer
überführt seinen Läufer auf die Todesdiagonale h2-b8. Joel Lautier wird hier
klar geworden sein, dass heute nicht sein Tag ist - im Gegensatz zu den
übrigen Partien beim Zonenturnier, die Lautier überzeugend gestalten konnte.} (
20. Qxa7 $6 {ist schwächer. Nach} Qxh2 21. Rc1 Rde8 $5 {kann Weiß seinen Bc3
nicht richtig in Szene setzen, z.B.} 22. Ba6 Qb8 {, und Schwarz mischt kräftig
mit.}) 20... a5 21. Rc1 Nb8 {Schwarz nimmt vorsorglich den Pc6 in Schutz. Die
schwarzen Figuren (insbsondere die Leichtfiguren) sind nur passive Zuschauer,
während Weiß seine Stellung schrittweise verstärken kann. Lediglich die
schwarze Dame versucht, etwas Unruhe zu stiften, aber ohne Erfolg.} (21... Rde8
22. Bg3 Qf6 23. e4 dxe4 24. Bb5 {nebst d4-d5 überlebt Schwarz nicht.}) 22. Qb3
Qxh2 23. Bg3 Qd2 {Droht ...Qb4 und eventuell ...Qxe3.} 24. fxg6 hxg6 25. Rc3 $1
$18 {Ein Vielzweckzug: ...Qb4 ist verhindert, der Bd3 und der Pe3 (wegen Bf5+)
sind gedeckt und die Verdopplung auf der c-Linie wird vorbereitet.} Rd7 26. Bf4
f6 {Da die schwarze Stellung ohnehin verloren ist, ist dieser Zug genauso gut
oder schlecht wie alle anderen.} (26... g5 $5 27. Bxg5 Rg8 28. Rd1 Qxd1+ 29.
Qxd1 Rxg5 30. Qf3 $18 {ist ebenfalls verloren.}) 27. Bxg6 $5 (27. Qxb6 $18 {
ist auch nicht von schlechten Eltern, da} g5 28. Bf5 $1 gxf4 29. Rb3 {die
Lichter ausknipst.}) 27... Rg8 28. Rd1 Qe2 (28... Qxd1+ 29. Qxd1 Rxg6 30. Qb3
Rg1+ 31. Rc1 Rxc1+ 32. Kxc1 b5 33. Qa3 $18 {, und Schwarz kann keine Festung
errichten, da die weiße Dame eindringt.}) 29. Bd3 Qf3 30. Rdc1 Rg4 {
Schließlich kommt Schwarz noch dazu, den Todesläufer zu eliminieren - aber zum
Preis von zwei Qualitäten.} 31. Bf5 Rxf4 32. exf4 Qxf4 33. Qxd5 Kd8 34. Qg8+
Kc7 35. Bxd7 Nxd7 36. Qe6 $5 {Bauer war hier in starker Zeitnot, andernfalls
hätte er vielleicht 36.d5 oder die Deckung des d-Bauern in Erwägung gezogen.}
Qxd4 37. Rxc6+ {Warum nicht ? Wenn man zwei Qualitäten mehr hat, kann man auch
mal eine abgeben - besonders dann, wenn die Stellung dadurch übersichtlicher
wird. Verteidigunschancen hat Schwarz trotzdem nicht.} Bxc6 38. Qxc6+ Kd8 39.
Ka1 Ke7 40. Rh1 Kf7 41. Rh7+ Kg8 42. Qh1 Qd3 43. Rh3 Qf5 44. Rh5 Qg4 45. Rh8+
Kf7 46. Qd5+ Ke7 47. Rh7+ Kd8 48. a3 Kc7 49. Ka2 Kd8 50. Rh8+ Ke7 51. Rg8 Qh3
52. Rg7+ Kd8 53. Qd6 {Eine starke Leistung von Christian Bauer gegen einen
hochkarätigen Gegner, die das Potential des Shabalov-Angriffs verdeutlicht.}
1-0

[Event "RUS-Cup03 Geller Memorial"]
[Site "Moscow"]
[Date "1999.02.13"]
[Round "4"]
[White "Belozerov, Andrei"]
[Black "Goloshchapov, Alexander"]
[Result "1-0"]
[WhiteElo "2437"]
[BlackElo "2446"]
[Annotator "Lutz,C"]
[PlyCount "71"]
[EventDate "1999.02.10"]
[EventType "swiss"]
[EventRounds "9"]
[EventCountry "RUS"]
[SourceTitle "CBM 070"]
[Source "ChessBase"]
[SourceDate "1999.06.08"]
[SourceVersion "1"]
[SourceVersionDate "1999.06.08"]
[SourceQuality "1"]

1. d4 d5 2. c4 c6 3. Nc3 Nf6 4. e3 e6 5. Qc2 Nbd7 6. Bd2 Bd6 7. Nf3 O-O 8.
O-O-O b5 9. c5 (9. cxb5 c5 10. e4 Bb7 11. exd5 Nxd5 12. Ng5 g6 13. Nce4 Be7 14.
dxc5 Nxc5 15. Nxc5 Bxc5 16. Kb1 Bxf2 17. Bc4 Rc8 18. Qd3 Bh4 19. Nf3 Bf6 20.
Qe2 Bg7 21. Bg5 Qd6 22. Rhe1 Qb4 23. Bb3 Rc5 {Johansson,J-Svensson,B/Goteborg
1990/EXT 97/0-1 (39)}) 9... Bc7 10. Bd3 (10. h3 b4 11. Na4 a5 12. g4 Ba6 13.
Bxa6 Rxa6 14. Be1 Ne4 15. Ng1 e5 16. f3 Nef6 17. Bh4 Ra8 18. Ne2 Re8 19. e4
dxe4 20. dxe5 exf3 21. Bxf6 gxf6 22. Ng3 fxe5 23. Qf5 Re6 24. Ne4 Kg7 {Van
Voorthuijsen,P-Van de Oudeweetering,A/Enschede 1995/EXT 97/1-0 (41)}) 10... e5
11. e4 (11. dxe5 $5 Nxe5 12. Nxe5 Bxe5 13. Ne2 {nebst h3, g4, f4 und Angriff
am Königsflügel.}) 11... b4 12. Nxd5 $2 {Dieses Opfer kann glatt widerlegt
werden.} (12. Ne2 $142 b3 $5 13. axb3 dxe4 14. Bxe4 Nxe4 15. Qxe4 $13) 12...
cxd5 13. dxe5 (13. exd5 e4 14. Bxe4 Nxe4 15. Qxe4 Nf6 $19) 13... dxe4 14. Bxe4
{[%tqu "De","Wie kann Schwarz sofort das weiße Opfer widerlegen ?","","",
"f6e4","vergibt den Vorteil",0,"b4b3","",10]} Nxe4 $2 {Vergibt den sofortigen
Gewinn.} (14... b3 $1 $19 {Mit diesem lästigen Zwischenzug gewinnt Schwarz die
Kontrolle über das Feld b3.} 15. axb3 (15. Qc4 Nxe4 16. Qxe4 bxa2 17. Kc2 Nxc5
$19) 15... Nxe4 16. Qxe4 Nxc5 17. Qxa8 Bf5 18. Qxd8 Nxb3#) 15. Qxe4 Nxc5 16.
Qxa8 Qd3 (16... Nd3+ 17. Kb1 Nxf2 18. Qxa7 Nxh1 19. Rxh1 $13) 17. Bxb4 Qc4+ 18.
Bc3 Qxa2 19. Qc6 Nb3+ 20. Kc2 Bf5+ 21. Rd3 Bb6 $17 {Schwarz steht trotz des
verpaßten Gewinns immer noch klar vorteilhaft.} 22. e6 Bxe6 (22... fxe6 $142 $5
) 23. Re1 Nc5 24. Rxe6 Nxe6 $2 {Vergibt nicht nur den Vorteil sondern führt
auch zu einer Verluststellung.} (24... Qb3+ $142 25. Kb1 Nxd3 $17) 25. Bb4 $18
{Jetzt sind Turm und Dame (wegen Ra3) gleichzeitig angegegriffen.} Bxf2 (25...
Rb8 26. Ra3 $18) 26. Bxf8 (26. Ra3 Nd8) 26... Nxf8 27. Rd8 Qa5 28. Qd6 Qc5+ 29.
Qxc5 Bxc5 30. Ne5 f6 31. Nd7 Be7 32. Ra8 Kf7 33. Nxf8 Bxf8 34. Rxa7+ Ke6 35.
Kd3 h5 36. Ke4 1-0

[Event "Olympiad-36"]
[Site "Mallorca"]
[Date "2004.10.17"]
[Round "3"]
[White "Krasenkow, Michal"]
[Black "Volkmann, Friedrich Karl"]
[Result "1-0"]
[WhiteElo "2676"]
[BlackElo "2454"]
[Annotator "Lutz,C"]
[PlyCount "49"]
[EventDate "2004.10.15"]
[EventType "team-swiss"]
[EventRounds "14"]
[EventCountry "ESP"]
[SourceTitle "CBM 104"]
[Source "ChessBase"]
[SourceDate "2005.01.27"]
[SourceVersion "1"]
[SourceVersionDate "2005.01.27"]
[SourceQuality "1"]
[WhiteTeam "Poland"]
[BlackTeam "Austria"]
[WhiteTeamCountry "POL"]
[BlackTeamCountry "AUT"]

1. Nf3 d5 2. d4 Nf6 3. c4 c6 4. Nc3 e6 5. e3 Nbd7 6. Qc2 Bd6 7. g4 dxc4 8. Bxc4
e5 9. g5 (9. Bd2 {1-0 Shirov,A-Fressinet,L/Mallorca 2004/CBM 104/[Lutz] (28)})
9... Nd5 10. Bd2 exd4 11. Qe4+ $5 (11. Nxd4 {1/2-1/2 Maki Uuro,M-Johannessen,L/
Izmir 2004/CBM 104/[Lutz] (28)}) (11. Nxd5 cxd5 12. Bxd5 dxe3 13. fxe3 Nb6 14.
Bb3 Be6 15. Bxe6 fxe6 16. Qb3 Qe7 17. Nd4 Qxg5 18. Qxe6+ Qe7 19. Rf1 Rf8 20.
Ke2 Rxf1 21. Rxf1 Qxe6 22. Nxe6 g6 23. e4 Kd7 24. Ng5 h6 25. Nf3 Re8 26. Bxh6
Rxe4+ 27. Kd3 {1/2-1/2 Krasenkow,M-Dokhoian,Y/Germany 1993/GER-chT (27)}) 11...
Qe7 $2 {Das bringt Schwarz in Schwierigkeiten.} (11... Ne7 {erscheint solider,
allerdings kann Weiß nun das Remis forcieren.} 12. Qxd4 Nf5 13. Qe4+ Ne7 14.
Qc2 (14. O-O-O Nc5) (14. Qd4 Nf5 $11) 14... Nb6 15. Be2 Bf5 16. Ne4 Bc7 17. Nd4
Bg6 18. h4 h5 19. Bd3 Qd5 20. O-O-O $2 (20. Bb4 $5) 20... Qxa2 $17 21. Nb3
O-O-O 22. f3 Na4 23. Nd4 c5 24. Bb5 Qa1+ 25. Qb1 Qxb1+ 26. Kxb1 cxd4 27. Bxa4
Nf5 28. exd4 Nxd4 29. Bc3 Nxf3 30. Bc2 Rxd1+ 31. Rxd1 Rd8 32. Rf1 Nd4 33. Bd3
Nf5 34. Nc5 Rd5 35. b4 b6 36. Ba6+ Kb8 37. Nd3 b5 38. Nf4 Ne3+ 39. Nxg6 Nxf1
40. Ne7 Rd1+ 41. Kb2 Ne3 42. Bxg7 Nc4+ 43. Kc3 Be5+ 44. Bxe5+ Nxe5 45. Bxb5 Rh1
46. Nf5 Rh3+ 47. Kc2 Rf3 48. Ng7 Rf4 49. Nxh5 Rxb4 50. Be8 Rxh4 51. Nf6 Kc7 {
0-1 Malaniuk,V-Ivanovic,B/Cetinje 1993/EXT 2002 (51)}) 12. Qxd4 Ne5 (12... Nxc3
13. Qxg7) 13. Nxe5 Bxe5 14. Nxd5 cxd5 15. Bb5+ Kf8 16. Qxd5 Bxb2 17. Rb1 $40 {
Mit dem eingeklemmten Turm auf h8 hat Schwarz einen schweren Stand.} Be6 18.
Qe4 Ba3 19. Bc4 Bxc4 20. Qxc4 Qxg5 $2 {Selbstmörderisch gespielt, Schwarz
erlaubt es dem Weißen, auf der 7. Reihe einzudringen.} (20... b6 21. h4 $36 {
ist zwar ebenfalls besser für Weiß, aber deutlich das kleinere Übel.}) 21. Rxb7
$18 Qf5 (21... Be7 22. Rxe7 $1 Kxe7 23. Bb4+ Kd7 (23... Kf6 24. Qc6+ Kf5 25.
e4+ Kg4 26. Rg1+) 24. Ke2) 22. Bb4+ Kg8 (22... Bxb4+ 23. Qxb4+ Kg8 24. Rb8+)
23. Bxa3 Qf3 24. Qb3 Qxh1+ 25. Ke2 1-0

[Event "MK Cafe Cup-A"]
[Site "Koszalin"]
[Date "1999.08.05"]
[Round "3"]
[White "Kempinski, Robert"]
[Black "Novikov, Igor A"]
[Result "0-1"]
[WhiteElo "2549"]
[BlackElo "2614"]
[Annotator "Lutz,C"]
[PlyCount "54"]
[EventDate "1999.08.03"]
[EventType "swiss"]
[EventRounds "9"]
[EventCountry "POL"]
[SourceTitle "CBM 073"]
[Source "ChessBase"]
[SourceDate "1999.12.01"]
[SourceVersion "1"]
[SourceVersionDate "1999.12.01"]
[SourceQuality "1"]

1. d4 d5 2. c4 e6 3. Nc3 c6 4. e3 Nf6 5. Nf3 Nbd7 6. Qc2 Bd6 7. g4 {GM Robert
Kempinski ist einer der letzten Anhänger der Shabalov-Variante.} Bb4 $5 {
Dieser Zug wurde durch Gelfand,B-Kramnik,V/Berlin 1996 populär. Schwarz spielt
auf den weißen Feldern.} 8. Bd2 Qe7 9. a3 $6 {Die Alternativen 9.Bd3 und 9.g5
machen einen besseren Eindruck.} Bxc3 10. Bxc3 b6 11. Bd3 Ba6 12. b3 $146 {
Dieser Zug ist auch keine große Verbesserung für Weiß. Weiß versucht den
Abtausch der weißfeldrigen Läufer zunächst zu vermeiden.} (12. Qa4 dxc4 $1 13.
Qxa6 cxd3 14. Qxd3 $6 O-O 15. g5 Nd5 16. Bd2 f5 $1 $17 17. O-O-O c5 18. Kb1 b5
$1 19. Qxb5 Rab8 20. Qa5 Rb3 21. Ka2 Rfb8 22. Rb1 e5 $1 23. Rhc1 Qe6 24. Ka1
exd4 25. Rxc5 Nxc5 26. Qxc5 Nc3 $1 27. Nxd4 Rxb2 28. Rxb2 Qa2+ {0-1 Gelfand,
B-Kramnik,V/Berlin 1996/CBM 55/[Lutz] (28)}) 12... Nxg4 13. Rg1 f5 14. cxd5 {
Weiß tauscht nun doch die Läufer, aber ansonsten hat er einen Bauern weniger.}
Bxd3 15. Qxd3 exd5 $1 (15... cxd5 16. Bb4 Qf7 17. Rc1 $44 {gibt Weiß Spiel für
den Bauern.}) 16. h3 (16. Qxf5 Nxe3 $1 17. Qh5+ (17. fxe3 Qxe3+ 18. Kd1 Qxc3
19. Re1+ {(ansonsten rochiert Schwarz einfach weg)} Kd8 $17) 17... g6 $1 (17...
Kd8 18. Kd2 $13) 18. Rxg6 O-O-O 19. Rxc6+ Kb7 $17) 16... Ngf6 17. Qxf5 O-O $17
{Die weißen Schwächen auf der f-Linie machen keinen guten Eindruck. Es droht
18...Ne4.} 18. Bb4 c5 19. Bc3 Qe4 $1 20. Qg5 (20. Qxe4 Nxe4 $19) 20... Rf7 21.
Ne5 (21. Nd2 Qc2 $19) 21... Nxe5 22. Qxe5 (22. dxe5 Qc2 $19) 22... Re8 23. Qxe4
Nxe4 24. Bb2 Rxf2 25. O-O-O cxd4 26. Bxd4 Rc8+ 27. Kb1 Nc3+ 0-1

[Event "Herzliya"]
[Site "Herzliya"]
[Date "1998.09.10"]
[Round "5"]
[White "Hauchard, Arnaud"]
[Black "Schlosser, Philipp"]
[Result "1-0"]
[WhiteElo "2500"]
[BlackElo "2505"]
[Annotator "Lutz,C"]
[PlyCount "47"]
[EventDate "1998.09.??"]
[EventType "tourn"]
[EventRounds "11"]
[EventCountry "ISR"]
[EventCategory "10"]
[SourceTitle "EXT 1999"]
[Source "ChessBase"]
[SourceDate "1998.11.16"]
[SourceVersion "1"]
[SourceVersionDate "1998.11.16"]
[SourceQuality "1"]

1. d4 Nf6 2. c4 e6 3. Nf3 d5 4. Nc3 c6 5. e3 Nbd7 6. Qc2 Bd6 7. e4 dxe4 8. Nxe4
Nxe4 9. Qxe4 c5 10. Bg5 Nf6 (10... Qa5+ {Seirawan,Y-Jussupow,A/Toluca 1982/IZT/
1/2-1/2 (43)}) 11. Qh4 cxd4 12. O-O-O e5 $146 (12... Be7 {1/2-1/2 Olesen,
M-Lesiege,A/New York 1993/CBM 35 ext (31)}) 13. Bd3 h6 14. Rhe1 {[%mdl 128]
Alle weißen Figuren sind in Angriffsposition.} O-O 15. Bxh6 $1 gxh6 16. Qxh6 {
Anscheinend gibt es keine Verteidigung mehr.} Re8 17. Ng5 {Es droht Bh7+.} e4 (
17... Be6 {wird auch widerlegt:} 18. Bh7+ Nxh7 (18... Kh8 19. Nxe6 Rxe6 20.
Bf5+ Kg8 21. Rd3 e4 22. Rh3 $18) 19. Qxh7+ Kf8 20. Qh6+ Kg8 (20... Ke7 21. Nxe6
Rh8 (21... fxe6 22. Qg7#) 22. Nxd8 Rxh6 23. Nxb7 $18) 21. Rd3 (21. Re4 Qc8)
21... Qa5 (21... Qc7 22. Ne4 Qxc4+ 23. Rc3) 22. Re2 Rac8 23. Ne4 $18) 18. Rxe4
$1 Rxe4 19. Nxe4 Nxe4 20. Bxe4 Qc7 (20... Qe8 21. Rxd4 Qe6 22. Qg5+ Kf8 23.
Qd8+ Kg7 24. Qxd6 Qxd6 25. Rxd6 $18) 21. Bh7+ Kh8 22. Rxd4 Be5 23. Bg6+ (23.
Bf5+ Kg8 24. Rg4+ Bg7 25. Qxg7#) 23... Kg8 24. Rd8+ (24. Rd8+ Qxd8 25. Qh7+ Kf8
26. Qxf7#) 1-0

[Event "Groningen (Women)"]
[Site "Groningen"]
[Date "1999.12.24"]
[Round "5"]
[White "Khurtsidze, Nino"]
[Black "Zhukova, Natalia"]
[Result "0-1"]
[WhiteElo "2472"]
[BlackElo "2462"]
[Annotator "Lutz,C"]
[PlyCount "54"]
[EventDate "1999.12.19"]
[EventType "tourn"]
[EventRounds "10"]
[EventCountry "NED"]
[EventCategory "8"]
[SourceTitle "CBM 075"]
[Source "ChessBase"]
[SourceDate "2000.04.05"]
[SourceVersion "1"]
[SourceVersionDate "2000.04.05"]
[SourceQuality "1"]

1. d4 d5 2. c4 c6 3. Nc3 Nf6 4. e3 e6 5. Nf3 Nbd7 6. Qc2 Bd6 7. Bd2 O-O 8.
O-O-O {Diese Variante ist nicht sonderlich gefährlich für Schwarz, da der
weiße König am Damenflügel schnell unter Beschuss geraten kann.} c5 9. e4 (9.
cxd5 exd5 {oder}) (9. Kb1 {versprechen ebenfalls nicht viel.}) 9... cxd4 10.
Nxd4 Be5 11. Bg5 {Mit diesem Zug hat Nino Khurtsidze bereits einige Erfahrung.}
dxe4 (11... h6 12. Bh4 dxe4 13. Nxe4 Qa5 14. Nc3 a6 15. Kb1 Qc7 16. Nf3 Bf4 17.
g3 Bd6 18. Rg1 Ne5 19. Nxe5 Bxe5 20. f4 Bd6 21. Bxf6 gxf6 22. Bd3 Bd7 23. Qe2
Bc6 24. f5 e5 25. Qe3 Kg7 26. Be4 Bb4 27. Bxc6 Bxc3 28. Qxc3 Qxc6 29. Qc2 Rac8
30. Rc1 Rfd8 31. Qe2 Rd4 32. b3 Rcd8 33. Rc2 Re4 34. Qf2 Rd3 35. Rgc1 Ree3 36.
c5 Qe4 37. g4 Qd4 38. Qg2 e4 39. Rc4 Qd5 40. Qb2 Rd2 41. R4c2 Ree2 42. h4 Rxc2
43. Rxc2 Qd1+ 44. Qc1 Qd3 45. Kb2 e3 46. Rxe2 Qxe2+ 47. Kc3 Qf2 48. g5 e2 {
0-1 Khurtsidze,N-Shumiakina,T/Elista 1998/CBM 66 ext (48)}) 12. f4 $5 {Dieser
Zug vermag die allgemeine Beurteilung der Variante nicht ändern zu können.} (
12. Kb1 Qb6 13. Be3 Ng4 14. Nxe4 Nxe3 15. fxe3 Nf6 16. Bd3 Ng4 17. c5 Qd8 18.
Nd6 Bxd6 19. cxd6 Nxe3 20. Bxh7+ Kh8 21. Qe2 Qg5 22. Rde1 Kxh7 23. Qxe3 Qxe3
24. Rxe3 Rd8 25. Rc1 Rxd6 26. Nb5 Rd2 27. Rc7 a6 28. Rxf7 Kg8 29. Ref3 Bd7 30.
Nc3 Bc6 31. Rf2 Rad8 32. Kc1 Rxf2 33. Rxf2 Rd4 34. g3 Kh7 35. Re2 Rd6 36. Rd2
Bd5 37. Rd4 Kg6 38. Kd2 Rd8 39. Ke3 Kf6 40. Nxd5+ exd5 41. Rf4+ Ke6 42. Rg4 Rd7
43. h4 Re7 44. Kd4 Kf6 45. Kxd5 a5 46. a4 Re3 47. Kc4 g6 48. Rg5 Re2 49. Rxa5
Rxb2 50. Rb5 Rg2 51. Rxb7 Rxg3 52. Rb4 g5 53. Rb6+ Ke7 54. h5 Rh3 55. h6 g4 56.
Kd4 Kf7 57. a5 Ra3 58. a6 g3 59. Kc4 g2 60. Rb7+ Kg6 61. Rg7+ Kxh6 62. Rxg2 {
1/2-1/2 Khurtsidze,N-Van den Doel,E/Groningen 1998/EXT 2000 (62)}) 12... Bxd4
13. Rxd4 Qa5 14. Rd1 b6 15. Nxe4 Qxa2 16. Bxf6 Nxf6 17. Nxf6+ gxf6 18. Qc3 Bb7
19. Bd3 (19. Qxf6 Be4 20. Bd3 (20. Qg5+ Bg6 21. f5 exf5) 20... Rfc8 $1 $17)
19... Rfc8 20. Rhe1 (20. Qxf6 Be4 $1) 20... Bd5 21. Re3 $2 {Der Verlustzug.} ({
Nach} 21. Qxf6 {sehe ich nicht, wie Schwarz gewinnt.} Bxc4 (21... Rxc4+ 22.
Bxc4 Qxc4+ 23. Qc3 Rc8 24. Qxc4 Rxc4+ 25. Kb1 Rxf4 {sollte ebenfalls zum
Unentschieden führen.}) 22. Bxh7+ Kxh7 (22... Kf8 23. Bc2 Bd5 $13 {muss
Schwarz spielen, wenn sie auf Gewinn spielen will, aber die Stellung ist dann
nicht klar.}) 23. Qxf7+ Kh8 24. Qf6+ Kg8 (24... Kh7 $2 25. Rd7+ $18) 25. Qg6+
Kf8 26. Qf6+ Ke8 27. Qg6+ Ke7 28. Qg7+ $11) 21... Bxc4 22. Bxh7+ Kxh7 23. Rh3+
Kg7 24. Rg3+ Kf8 25. Rd8+ Rxd8 26. Qb4+ Ke8 27. Ra3 Rac8 $1 {Die
überzeugendste Widerlegung der weißen Fehlkombination.} (27... Rac8 28. Rxa2
Bb3+ 29. Qc3 Rd1#) 0-1